[Event "Druzynowe Mistrzostwa Polski Juniorow - Ekstraliga"]
[Site "Sypniewo k. Jastrowia"]
[Date "2024-06-17"]
[Round "9.1"]
[White "Meers, Hubert"]
[Black "Rog, Bartlomiej"]
[Result "1-0"]
[WhiteTitle "k"]
[BlackTitle "k"]
[WhiteElo "2304"]
[BlackElo "2179"]

1. e4 2. e5 3. Nf3 4. Nc6 5. Bb5 6. a6 7. Ba4 8. b5 9. Bb3 10. Na5 11. Nxe5 12.
Nxb3 13. axb3 14. Qg5 15. Nf3 16. Qxg2 17. Rg1 18. Qh3 19. d3 20. Bb7 21. Bf4
22. d5 23. Bxc7 24. Qd7 25. Bg3 26. dxe4 27. Ne5 28. Qe6 29. dxe4 30. Bd6 31.
Qg4 32. Qxg4 33. Nxg4 34. Bc5 35. Nd2 36. h5 37. Ne5 38. Nf6 39. Nd3 40. Bb6 41.
O-O-O 42. O-O 43. Be5 44. Ng4 45. Bxg7 46. Kxg7 47. h3 48. Bc8 49. hxg4 50. hxg4
51. Rg2 52. f5 53. exf5 54. Bxf5 55. Nf1 56. Bxd3 57. Rxd3 58. Rxf2 59. Rxg4+
60. Kf7 61. Nd2 62. Rh8 63. Rf3+ 64. Rxf3 65. Nxf3 66. Kf6 67. Rf4+ 68. Ke7 69.
Kd2 70. Rd8+ 71. Ke2 72. Rd5 73. c4 74. Rh5 75. Kd3 76. Rh6 77. Rf5 78. Re6 79.
c5 80. Bc7 81. Rh5 82. Bf4 83. Kd4 84. Re3 85. Ne5 86. Rg3 87. Kd5 88. Bxe5 89.
Rxe5+ 90. Kd8 91. Kc6 92. Rxb3 93. Rd5+ 94. Kc8 95. Rh5 96. Kd8 97. Rh2 1-0

[Event "Druzynowe Mistrzostwa Polski Juniorow - Ekstraliga"]
[Site "Sypniewo k. Jastrowia"]
[Date "2024-06-17"]
[Round "9.2"]
[White "Jablonski, Wojciech"]
[Black "Zielonka, Adam"]
[Result "1/2-1/2"]
[WhiteTitle "I"]
[BlackTitle "k"]
[WhiteElo "1960"]
[BlackElo "2175"]

1. d4 2. Nf6 3. c4 4. e6 5. g3 6. c5 7. d5 8. exd5 9. cxd5 10. d6 11. Nc3 12. g6
13. Nf3 14. Bg7 15. Bg2 16. O-O 17. O-O 18. Re8 19. Bf4 20. a6 21. a4 22. Nh5
23. Bg5 24. Qc7 25. Qd2 26. Nd7 27. Bh6 28. Bh8 29. Rfc1 30. Rb8 31. Rab1 32.
Ndf6 33. h3 34. Ne4 35. Nxe4 36. Rxe4 37. b4 38. b6 39. e3 40. Re8 41. Nd4 42.
Bd7 43. Nc6 44. Bxc6 45. dxc6 46. Bg7 47. Bxg7 48. Nxg7 49. a5 50. Ne6 51. bxc5
52. dxc5 53. axb6 54. Rxb6 55. Qd7 56. Qxd7 57. cxd7 58. Reb8 59. Rxb6 60. Rxb6
61. Rxc5 62. Kf8 63. Rd5 64. Ke7 65. Bf1 66. Kd8 1/2-1/2

[Event "Druzynowe Mistrzostwa Polski Juniorow - Ekstraliga"]
[Site "Sypniewo k. Jastrowia"]
[Date "2024-06-17"]
[Round "9.3"]
[White "Kraczek, Cezary"]
[Black "Rozanski, Mateusz"]
[Result "1/2-1/2"]
[WhiteTitle "I+"]
[BlackTitle "I+"]
[WhiteElo "2032"]
[BlackElo "2024"]

1. Nf3 2. d5 3. b3 4. c5 5. Bb2 6. Nc6 7. e3 8. Nf6 9. Bb5 10. Bg4 11. d3 12. Qa5+
13. Nc3 14. d4 15. exd4 16. cxd4 17. Bxc6+ 18. bxc6 19. Qd2 20. Bxf3 21. gxf3
22. dxc3 23. Bxc3 24. Qf5 25. O-O-O 26. Nd5 27. Kb1 28. Qf4 29. Qe1 30. Qxf3 31.
Bb2 32. e6 33. Rg1 34. Bb4 35. Qe5 36. O-O-O 37. a3 38. Bd6 39. Qd4 40. Kb7 41.
Qe4 42. Qh5 43. b4 44. Nf6 45. Qg2 46. Rhg8 47. h3 48. Nd5 49. b5 50. Kc7 51.
c4 52. Ne7 53. Bc3 54. Rb8 55. a4 56. a6 57. Kc2 58. axb5 59. axb5 60. Ra8 61.
b6+ 62. Kb7 63. Ra1 64. Qe2+ 65. Kb3 66. Rxa1 67. Rxa1 68. Qxd3 69. f4 70. Ra8
71. Rxa8 72. Qb1+ 73. Bb2 74. Kxa8 75. Qd2 76. Bb8 77. Qd7 78. Qe4 79. b7+ 80.
Ka7 81. Qxe7 82. Qd3+ 83. Bc3 84. Qb1+ 85. Bb2 86. Qd1+ 87. Ka2 88. Qa4+ 89. Kb1
90. Qxc4 91. Qxf7 92. Bxf4 93. Qxg7 94. Qb4 95. Ka2 96. Qc4+ 97. Kb1 98. Qe4+
99. Ka2 100. c5 101. Qe7 102. Qd5+ 103. Kb1 104. Kb8 105. Qf8+ 106. Kxb7 107.
Qxf4 108. Qd3+ 109. Ka2 110. Qa6+ 111. Ba3 112. Qe2+ 113. Ka1 114. Qd1+ 115. Qc1
116. Qd4+ 117. Bb2 118. Qa4+ 119. Kb1 120. Qe4+ 121. Qc2 1/2-1/2

[Event "Druzynowe Mistrzostwa Polski Juniorow - Ekstraliga"]
[Site "Sypniewo k. Jastrowia"]
[Date "2024-06-17"]
[Round "9.4"]
[White "Lewek, Jakub"]
[Black "Korszanski, Stanislaw"]
[Result "0-1"]
[WhiteTitle "I"]
[BlackTitle "I+"]
[WhiteElo "1521"]
[BlackElo "1904"]

1. e4 2. e5 3. d4 4. exd4 5. Qxd4 6. Nc6 7. Qe3 8. Nf6 9. Nc3 10. Bb4 11. Bd2 12.
d6 13. Nf3 14. Be6 15. Bd3 16. Qe7 17. h3 18. O-O-O 19. O-O 20. h6 21. Rfe1 22.
Bc5 23. Qe2 24. g5 25. e5 26. dxe5 27. Nxe5 28. Nxe5 29. Qxe5 30. g4 31. Be3 32.
Bd6 33. Qa5 34. a6 35. Nb5 36. Bb4 37. Na7+ 38. Kb8 39. Nc6+ 40. bxc6 41. Qxa6
42. Bc5 43. Qxc6 44. Bxe3 45. Rxe3 46. Qd6 47. Qb5+ 48. Qb6 49. Qa4 50. Rd4 51.
Qa3 52. gxh3 53. gxh3 54. Rg8+ 55. Kf1 56. Rf4 57. Rae1 58. Nd5 59. Be4 60. Nxe3+
61. Rxe3 62. Bc4+ 63. Ke1 64. Rg1+ 65. Kd2 66. Rxf2+ 67. Kc3 68. Qxe3+ 69. Kxc4
0-1

[Event "Druzynowe Mistrzostwa Polski Juniorow - Ekstraliga"]
[Site "Sypniewo k. Jastrowia"]
[Date "2024-06-17"]
[Round "9.5"]
[White "Zabrzanska, Weronika"]
[Black "Siekanska, Maria"]
[Result "1-0"]
[WhiteTitle "WFM"]
[BlackTitle "WFM"]
[WhiteElo "1986"]
[BlackElo "2204"]

1. e4 2. c5 3. c3 4. Nf6 5. e5 6. Nd5 7. Nf3 8. Nc6 9. d4 10. cxd4 11. cxd4 12.
d6 13. Bc4 14. Nb6 15. Bb5 16. Bd7 17. Nc3 18. dxe5 19. Nxe5 20. Nxe5 21. dxe5
22. Bxb5 23. Nxb5 24. Qxd1+ 25. Kxd1 26. O-O-O 27. Ke2 28. Rd5 29. a4 30. a6 31.
Be3 32. Rxe5 33. Rac1+ 34. Kb8 35. Rhd1 36. Nd5 37. Rxd5 38. Rxe3+ 39. fxe3 40.
axb5 41. Rd8+ 42. Ka7 43. Rcc8 1-0

[Event "Druzynowe Mistrzostwa Polski Juniorow - Ekstraliga"]
[Site "Sypniewo k. Jastrowia"]
[Date "2024-06-17"]
[Round "9.6"]
[White "Mataczyna, Aleksandra"]
[Black "Polakiewicz, Blanka"]
[Result "1-0"]
[WhiteTitle "I"]
[BlackTitle "I+"]
[WhiteElo "1723"]
[BlackElo "1632"]

1. e4 2. c6 3. Nf3 4. d5 5. Nc3 6. dxe4 7. Nxe4 8. Nf6 9. Qe2 10. e6 11. Nxf6+
12. Qxf6 13. d4 14. h6 15. Bd2 16. Bd6 17. Qe4 18. Nd7 19. Bd3 20. a6 21. O-O-O
22. Rb8 23. Kb1 24. c5 25. d5 26. e5 27. Rhe1 28. Qe7 29. Nxe5 30. Nxe5 31. f4
32. f6 33. fxe5 34. Bxe5 35. Bf4 36. b5 37. d6 38. Qe6 39. Bxe5 40. fxe5 41. Qxe5
42. Qxe5 43. Rxe5+ 44. Kd7 45. Bf5+ 46. Kc6 47. d7 48. Bb7 49. Re8 50. Kc7 51.
d8=Q+ 52. Rxd8 53. Rdxd8 54. Rxe8 55. Rxe8 1-0

[Event "Druzynowe Mistrzostwa Polski Juniorow - Ekstraliga"]
[Site "Sypniewo k. Jastrowia"]
[Date "2024-06-17"]
[Round "9.7"]
[White "Karolczuk, Iwo"]
[Black "Janeczko, Jakub"]
[Result "1-0"]
[WhiteTitle "FM"]
[BlackTitle "m"]
[WhiteElo "2293"]
[BlackElo "2293"]

1. Nf3 2. c5 3. c4 4. Nf6 5. Nc3 6. Nc6 7. e3 8. e5 9. d4 10. e4 11. Ne5 12. h5
13. Be2 14. Qc7 15. f4 16. cxd4 17. exd4 18. d6 19. Nxc6 20. bxc6 21. O-O 22.
Bf5 23. Be3 24. Be7 25. b4 26. g6 27. Rc1 28. O-O 29. d5 30. c5 31. Nb5 32. Qc8
33. bxc5 34. dxc5 35. Rb1 36. a6 37. Nc3 38. Rb8 39. Qc2 40. Qc7 41. Rb3 42. Bd6
43. h3 44. h4 45. Qd2 46. Qd7 47. Bf2 48. e3 49. Qxe3 50. Rxb3 51. axb3 52. Re8
53. Qd2 54. Ne4 55. Nxe4 56. Rxe4 57. Bf3 58. Bxf4 59. Qa5 60. Re3 61. Bxe3 62.
Bxe3+ 63. Kh1 64. Bxh3 65. Qe1 66. Bg5 67. Qe5 68. Bf5 69. Bg4 70. Bxg4 71. Qxg5
72. h3 73. Re1 74. hxg2+ 75. Kxg2 76. Bh3+ 77. Kg3 78. Qc8 79. Re3 80. Bf5 81.
Qf6 82. Qb8+ 83. Kg2 84. Kh7 85. Qxf7+ 86. Kh6 87. Re8 88. Qxb3 89. Rh8+ 90. Kg5
91. Qe7+ 92. Kf4 93. Rh4+ 1-0

[Event "Druzynowe Mistrzostwa Polski Juniorow - Ekstraliga"]
[Site "Sypniewo k. Jastrowia"]
[Date "2024-06-17"]
[Round "9.8"]
[White "Zdybel, Przemyslaw"]
[Black "Backiel, Hubert"]
[Result "1-0"]
[WhiteTitle "FM"]
[BlackTitle "k"]
[WhiteElo "2269"]
[BlackElo "2200"]

1. e4 2. c5 3. Nf3 4. e6 5. d4 6. cxd4 7. Nxd4 8. Nf6 9. Nc3 10. d6 11. g4 12.
e5 13. Nf5 14. h5 15. Bg5 16. hxg4 17. Nd5 18. Bxf5 19. Bxf6 20. gxf6 21. exf5
22. Bh6 23. c3 24. Bg5 25. h4 26. gxh3 27. Rxh3 28. Rxh3 29. Bxh3 30. Nd7 31.
Qh5 32. Nb6 33. Bg2 34. Nxd5 35. Bxd5 36. Qe7 37. Qh8+ 38. Qf8 39. Qh1 40. Rb8
41. Qe4 42. Qe7 43. Ke2 44. Kf8 45. Rh1 46. Kg7 47. Rh5 48. Qd7 49. a4 50. Rh8
51. Rxh8 52. Kxh8 53. Bxb7 54. Kg7 55. Bc6 56. Qc8 57. Bd5 58. Bc1 59. Qb1 60.
Qc5 61. c4 62. Bg5 63. b4 64. Qd4 65. a5 66. Qd2+ 67. Kf1 68. Bh4 69. Qe1 70.
Qd3+ 71. Qe2 72. Qb1+ 73. Kg2 74. Qxf5 75. b5 76. Qg6+ 77. Kh3 78. Qh6 79. Qg4+
80. Bg5+ 81. Kg2 82. Qh7 83. b6 84. axb6 85. a6 86. Qb1 87. a7 88. Qh7 89. a8=Q
90. Qh1+ 91. Kxh1 92. b5 93. Qh5 1-0

[Event "Druzynowe Mistrzostwa Polski Juniorow - Ekstraliga"]
[Site "Sypniewo k. Jastrowia"]
[Date "2024-06-17"]
[Round "9.9"]
[White "Chiszko, Oskar"]
[Black "Iwan, Patryk"]
[Result "1-0"]
[WhiteTitle "I"]
[BlackTitle "I"]
[WhiteElo "2045"]
[BlackElo "1808"]

1. d4 2. Nf6 3. Nf3 4. d5 5. c3 6. Bf5 7. Qb3 8. Qc8 9. c4 10. dxc4 11. Qxc4 12.
e6 13. Nc3 14. Nbd7 15. Bf4 16. c6 17. e3 18. Be7 19. Be2 20. O-O 21. O-O 22.
Nd5 23. Bg3 24. Nxc3 25. bxc3 26. c5 27. Qb3 28. Bg4 29. h3 30. Bh5 31. Rab1 32.
Nb6 33. a4 34. c4 35. Qa2 36. Bg6 37. Rb2 38. Qc6 39. Ra1 40. Bf6 41. Nd2 42.
Rac8 43. Bf3 44. Qd7 45. Rc1 46. Bd3 47. a5 48. Nd5 49. Nb1 50. b5 51. a6 52.
b4 53. Rxb4 54. Nxb4 55. cxb4 56. Be7 57. Bb7 58. Bxb4 59. Qb2 60. Qa4 61. d5
62. exd5 63. Be5 64. f6 65. Bd4 66. Bxb1 67. Qxb1 68. Ba3 69. Qa2 70. Qb3 71.
Qxb3 72. cxb3 73. Rxc8 74. g6 75. Bxd5+ 1-0

[Event "Druzynowe Mistrzostwa Polski Juniorow - Ekstraliga"]
[Site "Sypniewo k. Jastrowia"]
[Date "2024-06-17"]
[Round "9.10"]
[White "Lobacz, Cezary"]
[Black "Wojtacha, Krzysztof"]
[Result "0-1"]
[WhiteTitle "II"]
[BlackTitle "I"]
[WhiteElo "1455"]
[BlackElo "1826"]

1. e4 2. c5 3. Nf3 4. Nc6 5. d4 6. cxd4 7. Nxd4 8. Nf6 9. Nc3 10. e5 11. Ndb5 12.
d6 13. Bg5 14. a6 15. Na3 16. b5 17. Nd5 18. Be7 19. Bxf6 20. Bxf6 21. c3 22.
Bg5 23. Nc2 24. Rb8 25. a4 26. bxa4 27. Ncb4 28. Nxb4 29. Nxb4 30. Bd7 31. Bxa6
32. Qb6 33. O-O 34. O-O 35. Qd3 36. Rfd8 37. Rab1 38. Be6 39. Bc4 40. Rbc8 41.
Nd5 42. Qc5 43. Ba2 44. Kh8 45. Rbd1 46. Rf8 47. Qc2 48. Rb8 49. Nb4 50. Rxb4
51. Bxe6 52. fxe6 53. Qe2 54. Rb6 55. Rd3 56. Qc4 57. Rfd1 58. Bh6 59. Rf3 60.
Qc8 61. Rh3 62. Qb7 63. Rf3 64. Rxf3 65. Qxf3 66. Kg8 67. Qg4 68. Qf7 69. Qe2
70. g6 71. Ra1 72. Qd7 73. Qc2 74. Qb5 75. g3 76. Qb3 77. Qxb3 78. axb3 79. Ra8+
80. Kg7 81. h4 82. Rb7 83. Ra6 84. Bc1 85. Rxd6 86. Bxb2 87. Rd1 88. Bxc3 89.
Rb1 90. b2 91. Kf1 Ra7 92. Ke2 93. Ra1 94. Rxa1 95. bxa1=Q 96. f4 97. Qe1+ 98.
Kf3 99. exf4 100. gxf4 101. Bd2 102. Kg2 103. Be3 104. h5 105. Qf2+ 106. Kh3 107.
Bxf4 108. h6+ Kxh6 109. Kg4 110. Qg3# 0-1

[Event "Druzynowe Mistrzostwa Polski Juniorow - Ekstraliga"]
[Site "Sypniewo k. Jastrowia"]
[Date "2024-06-17"]
[Round "9.11"]
[White "Szczotka, Klara"]
[Black "Matskevich, Varvara"]
[Result "1-0"]
[WhiteTitle "k++"]
[BlackTitle "k"]
[WhiteElo "2006"]
[BlackElo "1949"]

1. e4 2. c5 3. Nf3 4. d6 5. Bb5+ 6. Nd7 7. O-O 8. e5 9. Re1 10. Nf6 11. a4 12.
Be7 13. d3 14. O-O 15. a5 16. Ne8 17. Nc3 18. Nc7 19. Bc4 20. Rb8 21. Be3 22.
b5 23. axb6 24. axb6 25. Nb5 26. Bb7 27. c3 28. Nf6 29. Qb3 30. Nxb5 31. Bxb5
32. d5 33. Nxe5 Bd6 34. d4 35. Bxe5 36. dxe5 37. Nxe4 38. Ra7 39. d4 40. Bf4 41.
g5 42. Rxb7 43. Rxb7 44. Rxe4 45. gxf4 46. cxd4 47. cxd4 48. Rxf4 49. Qg5 50.
Qf3 51. Qe7 52. Bd3 53. f6 54. g3 55. Rc7 56. exf6 57. Qe5 58. Kg2 59. Kh8 60.
Rf5 61. Qd6 62. g4 63. Rc5 64. h4 65. Rf7 66. g5 67. Qc6 68. Be4 69. Rxf5 70.
Qxf5 71. Qd7 72. Qf3 73. Qd6 74. Qf5 75. Qd7 76. Qf4 77. Qc7 78. Qg4 79. Qd6 80.
Qc8+ 81. Rf8 82. Qb7 1-0

[Event "Druzynowe Mistrzostwa Polski Juniorow - Ekstraliga"]
[Site "Sypniewo k. Jastrowia"]
[Date "2024-06-17"]
[Round "9.12"]
[White "Malicka, Magdalena"]
[Black "Piekutowska, Lena"]
[Result "1-0"]
[WhiteTitle "I++"]
[BlackTitle "I"]
[WhiteElo "1729"]
[BlackElo "1634"]

1. e4 2. c5 3. Nf3 4. e6 5. b3 6. Nc6 7. Bb2 8. Nf6 9. e5 10. Nd5 11. c4 12. Nb6
13. Nc3 14. d5 15. exd6 16. Bxd6 17. d4 18. cxd4 19. Nxd4 20. Nxd4 21. Qxd4 22.
e5 23. Qe3 24. Nd7 25. O-O-O 26. Bc5 27. Qg3 28. O-O 29. Ne4 30. Qe7 31. Nxc5
32. Qxc5 33. Rd5 34. Qb4 35. Bd3 36. Re8 37. f4 38. Nc5 39. Bxe5 40. Nxd3+ 41.
Rxd3 42. g6 43. Qg5 44. Bf5 45. Bc3 46. Qb6 47. Rg3 48. Re3 49. c5 50. Rxg3 51.
hxg3 52. f6 53. Qxf5 1-0

[Event "Druzynowe Mistrzostwa Polski Juniorow - Ekstraliga"]
[Site "Sypniewo k. Jastrowia"]
[Date "2024-06-17"]
[Round "9.13"]
[White "Cieslak, Patryk"]
[Black "Ugorek, Kacper"]
[Result "1/2-1/2"]
[WhiteTitle "FM"]
[BlackTitle "k"]
[WhiteElo "2358"]
[BlackElo "2185"]

1. e4 2. c5 3. Nf3 4. Nc6 5. d4 6. cxd4 7. Nxd4 8. g6 9. c4 10. Bg7 11. Be3 12.
Nf6 13. Nc3 14. O-O 15. f3 16. d6 17. Qd2 18. Bd7 19. Be2 20. Nxd4 21. Bxd4 22.
a5 23. O-O-O 24. a4 25. h4 26. Qa5 27. h5 28. Be6 29. g4 30. Rfc8 31. hxg6 32.
hxg6 33. g5 34. Nh5 35. Bxg7 36. Nxg7 37. Kb1 38. Bxc4 39. Bxc4 40. Rxc4 41. Nd5
42. Qxd2 43. Rxd2 44. Re8 45. Nf4 46. Rec8 47. Nd5 48. Re8 49. Nf4 50. Rec8 51.
Rdh2 52. Nh5 53. Nxh5 54. gxh5 55. Rxh5 56. e6 57. f4 58. R8c5 59. Rh8+ 60. Kg7
61. R8h7+ 62. Kg8 63. Rh8+ 64. Kg7 65. R8h7+ 66. Kg8 67. g6 68. Rc7 69. Rh8+ 70.
Kg7 71. R8h7+ 72. Kg8 73. e5 74. dxe5 75. fxe5 76. Rg4 77. R7h6 78. Rc6 79. Rh7
80. Rc7 81. a3 82. Rg5 83. Ka2 84. b5 85. R1h2 86. Rg3 87. R2h4 88. Rg5 89. Rh2
90. Rd7 91. Kb1 92. Rc7 93. Rh1 94. Rg2 95. Ka2 96. Rg5 97. R1h3 98. Rd7 99. gxf7+
100. Rxf7 101. Rh8+ 102. Kg7 103. R8h7+ 104. Kg8 105. Rh8+ 106. Kg7 107. R3h7+
108. Kg6 109. Rh6+ 110. Kg7 111. R6h7+ 112. Kg6 113. Rh6+ 114. Kg7 115. R8h7+
116. Kg8 117. Rh8+ 1/2-1/2

[Event "Druzynowe Mistrzostwa Polski Juniorow - Ekstraliga"]
[Site "Sypniewo k. Jastrowia"]
[Date "2024-06-17"]
[Round "9.14"]
[White "Jedraszek, Pawel"]
[Black "Maslanka, Wojciech"]
[Result "1/2-1/2"]
[WhiteTitle "k"]
[BlackTitle "k"]
[WhiteElo "2155"]
[BlackElo "2103"]

1. e4 2. c5 3. Nf3 4. d6 5. d4 6. cxd4 7. Nxd4 8. Nf6 9. Nc3 10. a6 11. h3 12.
e5 13. Nf3 14. b5 15. Bg5 16. Nbd7 17. a4 18. b4 19. Nd5 20. Bb7 21. Bc4 22. Qc8
23. Ba2 24. Nxe4 25. O-O 26. Nef6 27. Bxf6 28. Nxf6 29. Ng5 30. Bxd5 31. Bxd5
32. Nxd5 33. Qxd5 34. Ra7 35. Rad1 36. Qb7 37. Qc4 38. Qc7 39. Qb3 40. h6 41.
Ne4 42. Be7 43. Rd5 44. O-O 45. Rfd1 46. Rc8 47. Qe3 48. Rd8 49. Ng3 50. Raa8
51. Nf5 52. Bf8 53. Qd3 54. Rac8 55. Ne3 56. Qc6 57. b3 58. Be7 59. Nc4 60. Qb7
61. Qe2 62. Rc5 63. Rxc5 64. dxc5 65. Rxd8+ 66. Bxd8 67. Qxe5 68. Be7 69. Kf1
70. Qd7 71. Ke2 72. Kh8 73. Nb6 74. Qd8 75. Nc4 76. Kg8 77. Qe4 78. Bf6 79. Ne3
80. Be7 81. Qc6 82. a5 83. Qd5 84. Qc7 85. Nc4 86. Bf6 87. Qa8+ 88. Bd8 89. Qe4
90. Bf6 91. Qe8+ 92. Kh7 93. Ne3 94. Qb7 95. g3 96. Bd4 97. h4 98. Bxe3 99. Kxe3
100. g6 101. h5 102. gxh5 103. Qe5 104. Qb6 105. Qf5+ 1/2-1/2

[Event "Druzynowe Mistrzostwa Polski Juniorow - Ekstraliga"]
[Site "Sypniewo k. Jastrowia"]
[Date "2024-06-17"]
[Round "9.15"]
[White "Brzezina, Piotr"]
[Black "Goralski, Mateusz"]
[Result "1-0"]
[WhiteTitle "FM"]
[BlackTitle "II"]
[WhiteElo "2298"]
[BlackElo "1690"]

1. e4 2. c5 3. Nf3 4. d6 5. d4 6. cxd4 7. Nxd4 8. Nf6 9. Nc3 10. a6 11. Bd3 12.
e5 13. Nde2 14. Be7 15. O-O 16. Be6 17. f4 18. Qc7 19. Qe1 20. Nbd7 21. Qg3 22.
Nh5 23. Qf3 24. Nhf6 25. h3 26. Bc4 27. Be3 28. exf4 29. Nxf4 30. Ne5 31. Qg3
32. O-O-O 33. Bxc4 34. Nxc4 35. Nfd5 36. Nxe3 37. Nxc7 38. Nxf1 39. Rxf1 40. Kxc7
41. Qxg7 42. Rhg8 43. Qxf7 44. Kd7 45. Rxf6 46. Rdf8 47. Qe6+ 1-0

[Event "Druzynowe Mistrzostwa Polski Juniorow - Ekstraliga"]
[Site "Sypniewo k. Jastrowia"]
[Date "2024-06-17"]
[Round "9.16"]
[White "Gora, Antoni"]
[Black "Brzezina, Pawel"]
[Result "0-1"]
[WhiteTitle "II"]
[BlackTitle "I"]
[WhiteElo "1733"]
[BlackElo "1955"]

1. Nf3 2. Nf6 3. b3 4. d5 5. Bb2 6. c5 7. e3 8. Nc6 9. Bb5 10. e6 11. Bxc6+ 12.
bxc6 13. c4 14. Bd6 15. Ne5 16. Qc7 17. f4 18. O-O 19. O-O 20. Nd7 21. Nxd7 22.
Bxd7 23. Qh5 24. f6 25. d3 26. Be8 27. Qh3 28. Bf7 29. Nd2 30. d4 31. exd4 32.
Bxf4 33. Ne4 34. cxd4 35. Bxd4 36. Be5 37. Bxe5 38. Qxe5 39. Rad1 40. Bg6 41.
Rfe1 42. Bf5 43. Qe3 44. Bxe4 45. Qxe4 46. Qxe4 47. dxe4 48. e5 49. Rd7 50. a5
51. Red1 52. Rf7 53. Rd8+ 54. Rf8 55. Rxa8 56. Rxa8 57. Rd7 58. h5 59. Rc7 60.
Rd8 61. Rxc6 62. Rd1+ 63. Kf2 64. Rd2+ 65. Kf3 66. Rxa2 67. Rb6 68. Rc2 69. Rb5
70. a4 71. bxa4 72. Rxc4 73. a5 74. Rc3+ 75. Kf2 76. Ra3 77. h3 78. Kh7 79. Rc5
80. h4 81. Rb5 82. Kg6 83. a6 84. Rxa6 85. Rb3 86. Kg5 87. Kf3 88. Ra2 89. Rc3
90. g6 91. Re3 92. Rb2 93. Rc3 94. f5 95. exf5 96. gxf5 97. Rc8 98. e4+ 99. Ke3
100. Rb3+ 101. Ke2 102. Kf4 103. Rc4 104. Kg3 105. Rc5 106. Rb2+ 107. Ke3 108.
Rf2 109. Kd4 0-1

[Event "Druzynowe Mistrzostwa Polski Juniorow - Ekstraliga"]
[Site "Sypniewo k. Jastrowia"]
[Date "2024-06-17"]
[Round "9.17"]
[White "Oborska, Magda"]
[Black "Barwinska, Ewa"]
[Result "0-1"]
[WhiteTitle "I++"]
[BlackTitle "WFM"]
[WhiteElo "1772"]
[BlackElo "2106"]

1. e4 2. c5 3. c3 4. Nf6 5. e5 6. Nd5 7. Nf3 8. Nc6 9. Bc4 10. e6 11. d4 12. cxd4
13. cxd4 14. d6 15. O-O 16. Be7 17. Qe2 18. a6 19. Nc3 20. Nxc3 21. bxc3 22. b5
23. Bb3 24. dxe5 25. Qe4 26. Bb7 27. Nxe5 28. Qc8 29. Qg4 30. O-O 31. Nd3 32.
Bf6 33. Nc5 34. Na5 35. Re1 36. Nxb3 37. axb3 38. g6 39. Bh6 40. Re8 41. Bg5 42.
Bg7 43. Qh4 44. Qc6 45. Nxb7 46. Qxb7 47. Bf6 48. Qd5 49. Bxg7 50. Kxg7 51. Reb1
52. Rec8 53. Qg3 54. b4 55. cxb4 56. Qxd4 57. Qf3 58. Qxb4 59. h3 60. Ra7 61.
Ra4 62. Qb5 63. Qe4 64. Rac7 65. Kh2 66. Rc2 67. Qd4+ 68. e5 69. Qh4 70. Qc5 71.
Qg3 72. Rc3 73. Qh4 74. Rc6 75. Re4 76. Rf6 77. Re2 78. Rf4 79. Qd8 80. Rc2 81.
b4 82. Qc6 83. Rb2 84. Rxb2 85. Rxb2 86. Qc3 87. Re2 88. Qxb4 89. Qc7 90. Rf5
91. Ra2 92. Qd4 93. Qc2 94. h5 95. Kg1 96. Rf6 97. Qe2 98. Qb6 99. Rb2 100. Qc5
101. Rc2 102. Qd6 103. Ra2 104. Re6 105. Qb2 106. Qc5 107. Qa1 108. Qc4 109. Ra4
110. Qe2 111. Ra2 112. Qd3 113. Ra3 114. Qd6 115. Ra5 116. Kh7 117. Qa2 118. e4
119. Rd5 120. Qc7 121. Qd2 122. Re7 123. Qd4 124. Qc1+ 125. Kh2 126. Qf4+ 127.
g3 128. Qf3 129. Rd8 130. f6 131. Rd6 132. Kg7 133. Rxa6 134. e3 135. fxe3 136.
Qe2+ 0-1

[Event "Druzynowe Mistrzostwa Polski Juniorow - Ekstraliga"]
[Site "Sypniewo k. Jastrowia"]
[Date "2024-06-17"]
[Round "9.18"]
[White "Skorupa, Antonina"]
[Black "Rusiecki, Katarzyna"]
[Result "0-1"]
[WhiteTitle "I"]
[BlackTitle "I++"]
[WhiteElo "1619"]
[BlackElo "1744"]

1. c4 2. Nf6 3. Nc3 4. g6 5. d4 6. Bg7 7. e4 8. d6 9. Nge2 10. O-O 11. g3 12. c5
13. d5 14. Nbd7 15. Bg2 16. Ne5 17. b3 18. Bg4 19. h3 20. Bf3 21. O-O 22. Nfd7
23. Bxf3 24. Nxf3+ 25. Kg2 26. Nde5 27. Bf4 28. g5 29. Bxe5 30. Nxe5 31. f4 32.
gxf4 33. Rxf4 34. Qa5 35. Qc2 36. a6 37. Raf1 38. b5 39. cxb5 40. axb5 41. a4
42. bxa4 43. bxa4 44. Bh6 45. Rh4 46. Bg5 47. Rh5 48. h6 49. Rf5 50. Kg7 51. h4
52. Bf6 53. Qd2 54. Rh8 55. Qf4 56. Ng6 57. Qe3 58. Rab8 59. Qf3 60. Rb2 61. Kh3
62. Rb3 63. Kh2 64. Qd8 65. Qd3 66. Ne5 67. Qc2 68. Rb4 69. Kh3 70. Qa5 71. g4
72. Ng6 73. g5 74. hxg5 75. Rxh8 76. g4+ 77. Kxg4 78. Kxh8 79. h5 80. Ne5+ 81.
Kh3 82. Qa6 83. Qd2 84. Kh7 85. Qf4 86. Qd3+ 87. Kg2 88. Rb2 89. Kf1 90. Qh3+
91. Kg1 92. Ng4 93. Rg5 94. Bd4+ 0-1

[Event "Druzynowe Mistrzostwa Polski Juniorow - Ekstraliga"]
[Site "Sypniewo k. Jastrowia"]
[Date "2024-06-17"]
[Round "9.19"]
[White "Demski, Michal"]
[Black "Raczek, Krzysztof"]
[Result "0-1"]
[WhiteTitle "k"]
[BlackTitle "FM"]
[WhiteElo "2176"]
[BlackElo "2342"]

1. Nf3 2. Nf6 3. c4 4. e6 5. e3 6. d5 7. b3 8. Bd6 9. Bb2 10. O-O 11. Be2 12. c6
13. O-O 14. b6 15. d4 16. Nbd7 17. Nbd2 18. Bb7 19. Ne5 20. Qe7 21. Ndf3 22. c5
23. Rc1 24. Rfd8 25. Ng5 26. Rf8 27. Ngf3 28. Rad8 29. Qc2 30. cxd4 31. exd4 32.
Rc8 33. Qb1 34. Rfd8 35. Bd3 36. h6 37. Rfe1 38. Ba3 39. Nxd7 40. Nxd7 41. Bxa3
42. Qxa3 43. Re3 44. Qd6 45. Rd1 46. Qb4 47. Ne5 48. Nxe5 49. dxe5 50. dxc4 51.
Bxc4 52. b5 53. Bf1 54. Qg4 55. Red3 56. Bd5 57. h3 58. Qf4 59. Qb2 60. a6 61.
Qd4 62. Qxd4 63. Rxd4 64. Rf8 65. g3 66. Rc5 67. f4 68. Rc3 69. Kh2 70. Rfc8 71.
Bg2 72. Rc2 73. R1d2 74. Bxg2 75. Kxg2 76. R8c3 77. h4 78. h5 79. Kf2 80. Kh7
81. Kg2 82. Kg6 83. Kh3 84. a5 85. Rd7 86. Rxd2 87. Rxd2 88. b4 89. Kg2 90. Kf5
91. Rd7 92. Rc2+ 93. Kf3 94. Kg6 95. Ra7 96. Rxa2 97. g4 98. hxg4+ 99. Kxg4 100.
f5+ 101. exf6 102. Kxf6 103. Kf3 104. Ra3 105. Ke4 106. Rxb3 107. Rxa5 108. Rb1
109. Rb5 110. b3 111. Kd3 112. Rf1 113. Ke4 114. Rb1 115. Kd3 116. b2 117. Kc2
118. Rf1 119. Kxb2 120. Rxf4 121. Kc3 122. Rxh4 123. Kd3 124. Rf4 125. Ke3 126.
Rf5 127. Rb8 128. Kg5 129. Rb4 130. Kh5 131. Rb6 132. Rf6 133. Rb5+ 134. g5 135.
Rb8 136. Kh4 137. Rh8+ 138. Kg3 139. Ke2 140. g4 141. Rh7 142. Kg2 143. Rg7 144.
g3 145. Rg8 146. Rf5 147. Rg7 148. Re5+ 149. Kd2 150. Kf2 151. Rf7+ 152. Rf5 0-1